Fr. Conceicao Rodrigues College of Engineering

Spherical Harmonics and Partial differential equations 8th ed (Record no. 26387)

MARC details
000 -LEADER
fixed length control field 00344nam a2200133Ia 4500
082 ## - DEWEY DECIMAL CLASSIFICATION NUMBER
Classification number 515.353
Item number NAN/TYA
100 ## - MAIN ENTRY--PERSONAL NAME
Personal name Brahma Nand & others/ Tyagi
245 ## - TITLE STATEMENT
Title Spherical Harmonics and Partial differential equations 8th ed
260 ## - PUBLICATION, DISTRIBUTION, ETC.
Name of publisher, distributor, etc. Kedar nath ram nath co.
300 ## - PHYSICAL DESCRIPTION
Extent 168
546 ## - LANGUAGE NOTE
Language note ENGLISH
654 ## - SUBJECT ADDED ENTRY--FACETED TOPICAL TERMS
Focus term spherical
942 ## - ADDED ENTRY ELEMENTS (KOHA)
Koha item type BOOK
Holdings
Withdrawn status Lost status Damaged status Not for loan Collection Home library Current library Date acquired Total Checkouts Full call number Barcode Date last seen Price effective from Koha item type
        CRC Fr. Agnel's C.Rodrigues College of Engineering Fr. Agnel's C.Rodrigues College of Engineering 17/03/2023   515.353 NAN/TYA 11709 17/03/2023 17/03/2023 BOOK